Statistiques concernant Capitales les plus proches de Nicosie

Cliquez ici pour prendre le quiz!

Statistiques générales

  • Ce quiz a été pris 49 fois
  • Le résultat moyen est 15 sur 20

Statistiques - réponses

kmcapitale% Correct
914Athènes
98%
530Ankara
96%
417Jérusalem
96%
605Le Caire
94%
244Beyrouth
90%
1205Sofia
90%
326Damas
84%
1201Bucarest
78%
1366Tirana
76%
430Amman
73%
1127Erevan
71%
1033Bagdad
67%
1562Bakou
67%
1283Skopje
65%
1235Tbilissi
65%
1533Belgrade
61%
1343Pristina
59%
1462Podgorica
55%
1370Chișinău
51%
1518Koweït
49%

Distribution des résultats

Percentile par nombre de réponses

% des personnes avec chaque résultat

Votre développement - résultats

Vous n’avez pas pris ce quiz